|
|
|
|
| LEADER |
00898nam a22002297a 4500 |
| 001 |
AAL4384 |
| 003 |
BD-DhAAL |
| 005 |
20160626122158.0 |
| 008 |
160626s 2004bg ||||| |||| 00| 0 ben d |
| 020 |
|
|
|a 9847710417
|
| 040 |
|
|
|a BD-DhAAL
|c BD-DhAAL
|
| 082 |
|
|
|a 910
|
| 100 |
|
|
|a হোসেন, মোকারম
|9 19738
|
| 245 |
|
|
|a বিশ্বের সেরা দর্শনীয় স্থান /
|c মোকারম হোসেন
|
| 260 |
|
|
|a ঢাকা :
|b দিব্য প্রকাশ,
|c ২০০৪
|
| 300 |
|
|
|a ১২৭ পৃ. :
|b চিত্র ;
|c ২২ সে.মি.
|
| 541 |
|
|
|e 4384
|
| 650 |
|
|
|a Geography.
|9 19739
|
| 852 |
|
|
|a Savar Campus Library
|c General Stacks
|
| 942 |
|
|
|2 ddc
|c BK
|
| 999 |
|
|
|c 37627
|d 37627
|
| 952 |
|
|
|0 0
|1 0
|2 ddc
|4 0
|6 910_000000000000000_HOS
|7 0
|9 59182
|a SCL
|b SCL
|c GEN
|d 2016-06-26
|g 120.00
|l 0
|o 910 HOS
|p 3020004384
|r 2016-06-26
|t 1
|w 2016-06-26
|y BK
|